La veritat del foc / (Registro nro. 177116)
[ vista simple ]
| 000 -LEADER | |
|---|---|
| campo de control de longitud fija | 00675nam a2200193 i 4500 |
| 001 - NÚMERO DE CONTROL | |
| campo de control | 177116 |
| 003 - IDENTIFICADOR DE NÚMERO DE CONTROL | |
| campo de control | ES-MaACL |
| 005 - FECHA Y HORA DE LA ÚLTIMA TRANSACCIÓN | |
| campo de control | 20250607063030.0 |
| 008 - DATOS DE LONGITUD FIJA--INFORMACIÓN GENERAL | |
| campo de control de longitud fija | 110304s1967 sp |||| | cat d |
| 080 ## - NÚMERO DE LA CLASIFICACIÓN DECIMAL UNIVERSAL | |
| Número de la Clasificación Decimal Universal | 821.134.1-31"19" |
| 100 1# - ENTRADA PRINCIPAL--NOMBRE DE PERSONA | |
| Nombre de persona | Benguerel, Xavier, |
| Fechas asociadas al nombre | 1905-1990 |
| 9 (RLIN) | 27580 |
| 245 13 - MENCIÓN DEL TÍTULO | |
| Título | La veritat del foc / |
| Mención de responsabilidad, etc. | Xavier Benguerel. |
| 260 ## - PUBLICACIÓN, DISTRIBUCIÓN, ETC. | |
| Lugar de publicación, distribución, etc. | Madrid ; Barcelona : |
| Nombre del editor, distribuidor, etc. | Alfaguara, |
| Fecha de publicación, distribución, etc. | imp. 1967. |
| 300 ## - DESCRIPCIÓN FÍSICA | |
| Extensión | 126 p. ; |
| Dimensiones | 17 cm. |
| 490 1# - MENCIÓN DE SERIE | |
| Mención de serie | La novel·la popular. Contemporània, inèdita, catalana ; |
| Designación de volumen o secuencia | 11 |
| 830 0# - PUNTO DE ACCESO ADICIONAL DE SERIE-TÍTULO UNIFORME | |
| Título uniforme | La novel·la popular. Contemporània, inèdita, catalana ; |
| Designación de volumen o secuencia | 11 |
| 9 (RLIN) | 190353 |
| 852 ## - LOCALIZACIÓN | |
| Ubicación | ES-MaACL |
| Número de control de estantería | E-14539 |
| Encuadernación | Olim P-1333 |
| Estatus retirado | Estado de pérdida | Estado de daño | No para préstamo | Biblioteca de origen | Biblioteca actual | Ubicación en estantería | Fecha de adquisición | Fuente de adquisición | Total de préstamos | Signatura topográfica completa | Código de barras | Visto por última vez | Precio de reemplazo | Tipo de ítem Koha |
|---|---|---|---|---|---|---|---|---|---|---|---|---|---|---|
| Biblioteca del Ateneo de Madrid | Biblioteca del Ateneo de Madrid | Depósito 2 | 04/03/2011 | E-14539 | 1186022 | 23/02/2023 | 23/02/2023 | Libro impreso |
